000
00345 a2200157 4500
001
152085
040
_c
Escola São Tomás de Aquino
100
_a
PIASECKI, Jerry
240
1
0
_a
Meninos em guerra
_l
por
245
1
0
_a
Meninos em guerra
300
_a
168
362
0
_a
2008
440
1
_a
Ática
697
_a
*LITERATURA JUVENIL
942
_c
BK
999
_c
152085
_d
152085